[Event "Fortaleza Alves memorial 17th"]
[Site "Fortaleza"]
[Date "2013.05.17"]
[Round "2"]
[White "Leite, Joao Carlos Zirpoli"]
[Black "Sousa, Odimar de Araujo"]
[Result "1-0"]
[WhiteElo "1709"]
[BlackElo "1663"]
[PlyCount "89"]
[EventDate "2013.05.17"]
[EventType "swiss"]
[EventRounds "6"]
[EventCountry "BRA"]
[SourceTitle "CBM 154 Extra"]
[Source "ChessBase"]
[SourceDate "2013.06.25"]
[SourceVersion "2"]
[SourceVersionDate "2013.06.25"]
[SourceQuality "1"]

1. e4 e5 2. Nf3 Nc6 3. Bc4 Nf6 4. 0-0 Be7 5. Re1 0-0 6. d4 d6 7. d5 Na5 8. Bd3 c6 9. b4 cxd5 10. bxa5 dxe4 11. Bxe4 Qxa5 12. Bd2 Qd8 13. h3 Nd7 14. Nc3 Nc5 15. Be3 Nxe4 16. Nxe4 Bf5 17. Ng3 Bg6 18. Qd2 Bf6 19. Bg5 e4 20. Nxe4 h6 21. Nxf6+ gxf6 22. Bxh6 Re8 23. Rxe8+ Qxe8 24. Qxd6 Qe6 25. Qg3 Rd8 26. Re1 Qd7 27. Nh4 Kh7 28. Qf4 Qd6 29. Qxd6 Rxd6 30. Bf4 Rc6 31. Nxg6 fxg6 32. Re7+ Kg8 33. Rxb7 g5 34. Be3 a6 35. Rb2 Kf7 36. f4 Kg6 37. g4 gxf4 38. Bxf4 f5 39. Kf2 fxg4 40. hxg4 a5 41. Be3 Rf6+ 42. Kg3 Re6 43. Rb6 Kf7 44. Rxe6 Kxe6 45. a3 1-0